Score 0/45 Timer 07:00
2 Plays Today
% Correct
Paris, France
94.2%
Athens, Greece
93.9%
Moscow, Russia
93.8%
Oslo, Norway
93.7%
Lisbon, Portugal
93.7%
Reykjavik, Iceland
93.7%
London, United Kingdom
93.5%
Madrid, Spain
93.3%
Prague, Czechia
93.2%
Rome, Italy
92.6%
Dublin, Ireland
92.5%
Helsinki, Finland
92.1%
Luxembourg, Luxembourg
92%
Stockholm, Sweden
91.8%
Bucharest, Romania
91.4%
Berlin, Germany
91.2%
Vaduz, Liechtenstein
90.8%
Zagreb, Croatia
90.7%
Riga, Latvia
90.7%
Kyiv, Ukraine
90.3%
Belgrade, Serbia
90.2%
Sarajevo,
Bosnia and
Herzegovina
90.2%
Sofia, Bulgaria
90.1%
% Correct
Budapest, Hungary
89.8%
Andorra la Vella, Andorra
89.6%
Minsk, Belarus
89.5%
Copenhagen, Denmark
89.2%
Amsterdam, Netherlands
88.7%
Valletta, Malta
88.3%
Bratislava, Slovakia
88.1%
Tallinn, Estonia
87.7%
Vienna, Austria
87%
Bern, Switzerland
86.6%
Vilnius, Lithuania
86.3%
Tirana, Albania
86.1%
Ljubljana, Slovenia
85.6%
Brussels, Belgium
84.7%
Skopje, North Macedonia
84.4%
Nicosia, Cyprus
83.3%
Warsaw, Poland
78.5%
Pristina, Kosovo
76.8%
Chisinau, Moldova
76.3%
Podgorica, Montenegro
71.9%
Ankara, Turkey
69%
Monaco, Monaco
59.7%
Remove Ads.
Support Sporcle.
Get the best of Sporcle when you Go Orange. This ad-free experience offers more features, more stats, and more fun while also helping to support Sporcle. Thank you for becoming a member.

You're not logged in!

Compare scores with friends on all Sporcle quizzes.
OR
Log In

Show Comments

Extras

Top Quizzes Today


Score Distribution

Your Account Isn't Verified!

In order to create a playlist on Sporcle, you need to verify the email address you used during registration. Go to your Sporcle Settings to finish the process.

Report this User

Report this user for behavior that violates our Community Guidelines.

Details: